Culture cinématographique - Série 13 - Statistiques

Statistiques générales
  • Ce quiz a été pris 160 fois
  • Le résultat moyen est 6 sur 10
Statistiques - réponses
Question Réponse % Correct
Dans "Les tontons flingeurs" réalisé par Georges Lautner en 1963, qui est "Fernand Naudin" ? Lino Ventura
94%
Dans "Les tontons flingeurs" réalisé par Georges Lautner en 1963, qui est "Raoul Volfoni" ? Bernard Blier
85%
Dans "L'effrontée" réalisé par Claude Miller en 1985, qui est "Charlotte Castang" ? Charlotte Gainsbourg
83%
Dans "Greystoke, la légende de Tarzan" réalisé par Hugh Hudson en 1984, qui est "Tarzan" ? Christophe Lambert
74%
Dans "Lawrance d'Arabie" réalisé par David Lean en 1962, qui est "Lawrence d'Arabie" ? Peter O'Toole
65%
Dans "Autant en emporte le vent" réalisé par "Victor Fleming et George Cukor" en 1939, qui est "Rhett Butler" ? Clark Gable
59%
Dans "Les tontons flingeurs" réalisé par Georges Lautner en 1963, qui est "Maître Folace" ? Francis Blanche
59%
Dans "Les tontons flingeurs" réalisé par Georges Lautner en 1963, qui est "Antoine Delafoy" ? Claude Rich
50%
Dans "La fureur de vivre" réalisé par Nicholas Ray en 1955, qui est "Judy" ? Natalie Wood
38%
Dans "L'homme qui aimait les femmes" réalisé par François Truffaut en 1977, qui est "Bertrand Morane" ? Charles Denner
37%
Aucun quiz correspondant
Distribution des résultats
% des personnes avec chaque résultat
Percentile par nombre de réponses
Votre historique - résultats
Vous n’avez pas pris ce quiz